Mondialisation, travail et compétences : Les dynamiques sociétales en question (notice n° 2084443)

détails MARC
000 -LEADER
fixed length control field 01597cam a2200157 4500500
005 - DATE AND TIME OF LATEST TRANSACTION
control field 20260405005525.0
041 ## - LANGUAGE CODE
Language code of text/sound track or separate title fre
042 ## - AUTHENTICATION CODE
Authentication code dc
100 10 - MAIN ENTRY--PERSONAL NAME
Personal name Mendez, Ariel
Relator term author
245 00 - TITLE STATEMENT
Title Mondialisation, travail et compétences : Les dynamiques sociétales en question
260 ## - PUBLICATION, DISTRIBUTION, ETC.
Name of publisher, distributor, etc. Armand Colin,<br/>
Date of publication, distribution, etc. 2012.<br/>
520 ## - SUMMARY, ETC.
Summary, etc. La mondialisation conduit-elle inéluctablement à l’uniformisation de la vie économique, sociale et culturelle? Les processus de diffusion de normes universelles s’imposent-ils à des acteurs qui se contenteraient de les décliner localement sans peu ou pas les modifier ? Sans nier la puissance des processus de convergence et d’uniformisation associés à de nouvelles formes de centralité – des marchés financiers, des firmes multinationales ou des villes globales, l’objectif de cet ouvrage collectif et interdisciplinaire est de mettre l’accent sur les contre-tendances inscrites dans les dynamiques sociétales et de proposer une analyse critique des processus de mondialisation. Étudiée à partir des transformations du travail, de l’emploi et des compétences, la mondialisation apparaît comme un assemblage de processus parfois convergents, souvent chaotiques, sources de désynchronisations, et qui percutent et reconstruisent tout à la fois les espaces et les modes de régulation au niveau local, national et supra-national.
700 10 - ADDED ENTRY--PERSONAL NAME
Personal name Tchobanian, Robert
Relator term author
700 10 - ADDED ENTRY--PERSONAL NAME
Personal name Vion, Antoine
Relator term author
856 41 - ELECTRONIC LOCATION AND ACCESS
Uniform Resource Identifier <a href="https://shs.cairn.info/travail-competences-et-mondialisation--9782200272685?lang=fr&redirect-ssocas=7080">https://shs.cairn.info/travail-competences-et-mondialisation--9782200272685?lang=fr&redirect-ssocas=7080</a>

Pas d'exemplaire disponible.

PLUDOC

PLUDOC est la plateforme unique et centralisée de gestion des bibliothèques physiques et numériques de Guinée administré par le CEDUST. Elle est la plus grande base de données de ressources documentaires pour les Étudiants, Enseignants chercheurs et Chercheurs de Guinée.

Adresse

627 919 101/664 919 101

25 boulevard du commerce
Kaloum, Conakry, Guinée

Réseaux sociaux

Powered by Netsen Group @ 2025